00249 a2200109 4500001000700000020000600007040001100013100001700024240004700041245004200088362000900130162419 a  cMagnum aRegina, Tia.10aA carreta dourada - o primeiro gaucholpor10aA carreta dourada - o primeiro gaucho0 a1899